000 00704nam a22002417a 4500
003 UA-OsUOA
001 94611
007 ta
008 20130214b un ||||| |||| 00| 0 ukr d
100 _aАфанасьев О. Л.
090 _a821.161.1
_bА94
942 _cBK
040 _aUA-OsUOA
_brus
_cUA-OsUOA
_dUA-OsUOA
245 _aПраздник по-красногородски, или Легкая жизнь
_bповести
300 _a254 с.
955 _a3
041 _arus
080 _a821.161.1
020 _a5-235-01227-5
260 _aМ.
_bМолодая гвардия
_c1991
650 7 _a82 Література. Літературознавство
_2UDC
999 _c380858
_d380858